| 000 | 01171cam a2200337 a 4500 | ||
|---|---|---|---|
| 001 | 6016 | ||
| 003 | FISKH | ||
| 005 | 20250221092945.0 | ||
| 008 | 951108s1996 ncua j 000 1 eng | ||
| 010 | _a 95048970 | ||
| 020 | _a1886910073 (alk. paper) | ||
| 020 | _a9780590025706 | ||
| 040 |
_aDLC _cDLC _dDLC _beng |
||
| 050 | _aPZ7.E8775 C | ||
| 082 | _a813.54 | ||
| 100 | 1 |
_aEvans, Douglas _d(1953-) |
|
| 245 | 1 | 4 |
_aThe classroom at the end of the hall / _cDouglas Evans ; pictures by Larry Di Fiori. |
| 250 | _aThis edition first published in 1997 | ||
| 260 |
_aNew York : _bScholastic, _c1996 |
||
| 300 |
_a132 pages : _billustrations ; _c20 cm |
||
| 505 | _aR | ||
| 520 | _aStrange things are happening in the classroom at the end of the hall, like a chalk dust genie that appears while the erasers are being cleaned, and the new art teacher who resembles a stick figure. | ||
| 521 | 8 |
_a740
_bLexile |
|
| 521 | 8 |
_aR
_bRaz-Plus |
|
| 650 | 1 |
_aSchools _xFiction. |
|
| 650 | 1 |
_aSupernatural _xFiction. |
|
| 700 | 1 |
_aDi Fiori, Lawrence _eillustrator |
|
| 906 |
_a7 _bcbc _corignew _d1 _eocip _f19 _gy-gencatlg |
||
| 942 |
_2ddc _cBK _n0 |
||
| 999 |
_c6016 _d6016 |
||